Estadísticas para La mayoría de los países islámicos en Europa

Haz click aquí para intentar la prueba.

Estadísticas generales

  • Esta prueba ha sido intentada 97 veces
  • La puntuación promedio es 8 de 10

Estadísticas de respuestas

%país% Correcto
58,8Albania
94%
95,6Kosovo
89%
50,7Bosnia y Herzegovina
88%
33,3Macedonia del Norte
81%
13,4Bulgaria
80%
8,8Francia
80%
19,1Montenegro
79%
10 - 17Rusia
79%
8,1Suecia
54%
8Austria
46%

Distribución de puntuación

Porcentaje por número respondido

Porcentaje de gente con cada puntuación

Historial de tus puntuaciones

No has intentado esta prueba.